000 00797nam a22002417a 4500
010 _a032073
020 _c5.80
035 _a032073
037 _aCen Lib / Ret
040 _aDPL
_bHN
082 _a423.72
_bहिन्दी
245 _aहिंदी- मलयालम कोश /
246 _aHindi-Malyalam kosh /
250 _a4th ed
260 _aमद्रास
_bदक्षिणी भारत हिंदी प्रचार सभा
_c1952
270 _bमद्रास
_e17
300 _a616p.
_b18cm
_cill
650 _aहिंदी--मलयालम शब्दकोष
650 _aशब्दकोष
650 _aHindi--malyalam Dictionary
650 _a Dictionary
942 _2ddc
_cHN
_h423.72
_mहिन्दी
999 _c122204
_d122204